000 01081cam a2200301 i 4500
001 1620
005 20231204103659.0
020 _a9781931636490
040 _aYDX
_beng
_cYDX
_erda
_dOCP
_dOCLCF
_dCLE
_dOCLCO
_dDLC
050 0 0 _aPZ7.C76982
_b2009
082 0 4 _a302.3
100 1 _aCook, Julia
_d1964-
_eauthor
245 1 0 _aBully B.E.A.N.S. /
_cwritten by Julia Cook ; illustrations by Tammie Lyon.
246 3 _aBully BEANS
260 _aChattanooga :
_bNational Center for Youth Issues,
_c2009
300 _a30 unnumbered pages :
_bcolor illustrations
_c21 cm
490 _aNational center for youth issue
505 _aM
520 _aAn illustrated tale that teaches both children and adults how to be proactive when confronted by bullying.
521 _a530
_bLexile
521 _aM
_bRaz-Plus
650 0 _aBullying
_vJuvenile fiction.
650 0 _aBullying
_xPrevention
_vJuvenile fiction.
655 0 _aPicture books for children.
700 1 _aDufalla, Anita
_eillustrator
906 _a7
_bcbc
_ccopycat
_d2
_eepcn
_f20
_gy-gencatlg
942 _2ddc
_cBK
_n0
999 _c1620
_d1620